The Tudors the complete third season (Registro nro. 66192)

Detalles MARC
000 -ENCABEZADO
Número de control [NR] 01799nam a2200325Ia 4500
008 - DE LONGITUD FIJA DE DATOS DE ELEMENTOS - INFORMACIÓN GENERAL
Elementos de longitud fija [NR] 130821s2009 ie a gs deng
040 ## - FUENTE DE CATALOGACION [NR]
Agencia de catalogación original [NR] Co-BoUCM
Idioma de catalogación [NR] spa
041 00 - CODIGO DE IDIOMA [R]
Código de idioma para texto/pista de sonido o título separado [R] Inglés
092 ## - SIGNATURA TOPOGRAFICA LOCAL
Número de clasificación local DVD 0553
245 04 - MENCION DE TITULO [NR]
Título [NR] The Tudors the complete third season
Mención de responsabilidad, etc. [NR] [DVD]
-- [dirigido por] Michael Hirst
260 ## - PUBLICACION, DISTRIBUCION, ETC. (PIE DE IMPRENTA) [R]
Lugar de publicación, distribución, etc. [R] Dublín (Irlanda)
Nombre del editor, distribuidor, etc. [R] Showtime Networks, Peace Arch Entertainment
Fecha de publicación, distribución, etc. [R] 2009
300 ## - DESCRIPCION FISICA [R]
Extensión [R] 3 DVD
Otros detalles físicos [NR] son. color
500 ## - NOTA GENERAL [R]
Nota general [NR] Coproducción Gran Bretaña-Irlanda-EEUU.
500 ## - NOTA GENERAL [R]
Nota general [NR] SINOPSIS : The Tudors es una serie de televisión que recrea de excelente manera los primeros años del reinado de Enrique VIII de Inglaterra. The Tudors refleja a un monarca cuyos asuntos de estado no figuraban entre sus prioridades y cuyos problemas oficiales quedaban en manos del Cardenal Wolsey (Sam Nelly). Enrique VIII era incluso capaz de desafiar a la institución más poderosa de Europa Medieval: la Iglesia Católica Romana.
505 ## - NOTA DE CONTENIDO CON FORMATO PREESTABLECIDO [R]
Nota de contenido con formato preestablecido [NR] DISCO 1 : episodios 1-3. -- DISCO 2 : episodios 4-6. -- DISCO 3 : episodios 7-8.
508 ## - NOTA DE CREDITOS DE CREACION/PRODUCCION [R]
Nota de créditos de creación/producción [NR] Director, Michael Hirst ; guión, Michael Hirst ; música, Trevor Morris
511 ## - NOTA DE PARTICIPANTE O INTERPRETE [R]
Nota de participante o intérprete [NR] Jonathan Rhys-Meyers, Henry Cavill, James Frain, Annabelle Wallis, Alan van Sprang, Gerard McSorley, Joss Stone, Max von Sydow.
546 ## - NOTA DE IDIOMA [R]
Nota de idioma [NR] Audio en Inglés y Español.
600 04 - ASIENTO SECUNDARIO DE MATERIA - NOMBRE PERSONAL [R]
Nombre personal [NR] Enrique VIII
Término de relación [R] R. xii
Fechas asociadas con el nombre [NR] 1491-1547
Subdivisión de forma [R] DVD
9 (RLIN) 1580
650 04 - ASIENTO SECUNDARIO DE MATERIA - TERMINO TEMATICO [R]
Término temático o nombre geográfico como elemento de entrada [NR] Biografías
9 (RLIN) 7343
650 04 - ASIENTO SECUNDARIO DE MATERIA - TERMINO TEMATICO [R]
Término temático o nombre geográfico como elemento de entrada [NR] Entretenimiento
9 (RLIN) 26487
650 04 - ASIENTO SECUNDARIO DE MATERIA - TERMINO TEMATICO [R]
Término temático o nombre geográfico como elemento de entrada [NR] Historia de Europa
9 (RLIN) 26509
650 04 - ASIENTO SECUNDARIO DE MATERIA - TERMINO TEMATICO [R]
Término temático o nombre geográfico como elemento de entrada [NR] Programas de televisión
Subdivisión de forma [R] DVD
9 (RLIN) 22530
650 04 - ASIENTO SECUNDARIO DE MATERIA - TERMINO TEMATICO [R]
Término temático o nombre geográfico como elemento de entrada [NR] Teleseries
Subdivisión de forma [R] DVD
9 (RLIN) 25184
700 1# - ASIENTO SECUNDARIO - NOMBRE PERSONAL [R]
Nombre personal [NR] Hirst, Michael
Término de relación [R]
710 2# - ASIENTO SECUNDARIO - NOMBRE CORPORATIVO [R]
Nombre corporativo o de jurisdicción como elemento de entrada [NR] Peace Arch Entertainment
710 2# - ASIENTO SECUNDARIO - NOMBRE CORPORATIVO [R]
Nombre corporativo o de jurisdicción como elemento de entrada [NR] Showtime Networks
856 04 - LOCALIZACION Y ACCESO ELECTRONICOS [R]
Identificador Uniforme del Recurso (“URI”) [R] <a href="https://www.youtube.com/watch?v=WXNf9dxnQrM">https://www.youtube.com/watch?v=WXNf9dxnQrM</a>
Nota dirigida al público [R] Siga este vínculo para ver el trailer.
942 ## - ELEMENTOS DE ENTRADA AGREGADOS (KOHA)
Tipo de ítem principal el descrito en 300a Multimedia
Sistema de clasificación LOCAL
Tema principal Entretenimiento
Edición 1
Existencias
Fecha de último préstamo Código de barras Última vez visto Volúmen / Fascículo Ejemplar Price effective from Tipo de ítem Perdido Sistema de clasificación Dañado No prestable Tipo de ítem específico Suprimido Ubicación habitual Ubicación actual Localización Fecha de creación Forma de adquisición Costo Total préstamos Total Renewals
03/02/2017 100106609 10/12/2024 DVD 0553 DISCO 3 Ej.2 03/02/2013 Multimedia   DEWEY     DVD   Claustro Claustro Colección digital 28/02/2010 Donación 26000.00 26 5
03/02/2017 100106607 10/12/2024 DVD 0553 DISCO 1 Ej.2 03/02/2013 Multimedia   DEWEY     DVD   Claustro Claustro Colección digital 28/02/2010 Donación 26000.00 22 6
03/02/2017 100106608 10/12/2024 DVD 0553 DISCO 2 Ej.2 03/02/2013 Multimedia   DEWEY     DVD   Claustro Claustro Colección digital 28/02/2010 Donación 26000.00 27 8
07/05/2012 100105958 09/12/2025 DVD 0553 DISCO 1 Ej.1 03/02/2013 Multimedia   LOCAL   Préstamo restringido DVD   Procesos Técnicos Procesos Técnicos (no para préstamo) Procesos Técnicos 28/02/2010 Compra 46750.00    
07/05/2012 100105959 09/12/2025 DVD 0553 DISCO 2 Ej.1 03/02/2013 Multimedia   LOCAL   Préstamo restringido DVD   Procesos Técnicos Procesos Técnicos (no para préstamo) Procesos Técnicos 28/02/2010 Compra 46750.00    
07/05/2012 100105957 09/12/2025 DVD 0553 DISCO 3 Ej.1 03/02/2013 Multimedia   LOCAL   Préstamo restringido DVD   Procesos Técnicos Procesos Técnicos (no para préstamo) Procesos Técnicos 28/02/2010 Compra 46750.00